000 00851nam a2200217 i 4500
001 138725
003 ES-MaACL
005 20230906195625.0
007 t|
008 070214s1939 sp r ||||1| spa d
100 1 _aSantoro, Cesare.
_9103459
245 1 3 _aLa Alemania de Hitler vista por un extranjero
_b: con 13 gráficos y un apéndice ilustrado, `Vistas de la Nueva Alemania` /
_cCesare Santoro ; traducción de la III edición alemana.
260 _aBerlin :
_bInternationaler Verlag,
_c1939.
300 _a524 p., 104 lám. :
_bil. = retr. de Hitler ;
_c24 cm.
490 1 _aLos grandes problemas internacionales
651 4 _aAlemania-
_xHistoria-
_y1933-1945.
_97663
830 0 _aLos grandes problemas internacionales
_9220179
852 _aES-MaACL
_jA-5162
_bR.18081
852 _aES-MaACL
_jA-2466
_bR.18796
999 _c138725
_d138725